Operations management (Record no. 1221)

MARC details
000 -LEADER
fixed length control field 01407nam a2200277Ia 4500
020 ## - INTERNATIONAL STANDARD BOOK NUMBER
ISBN 0073041912 (student edition : alk. paper)
020 ## - INTERNATIONAL STANDARD BOOK NUMBER
ISBN 9780073041919
020 ## - INTERNATIONAL STANDARD BOOK NUMBER
ISBN 0073195839
020 ## - INTERNATIONAL STANDARD BOOK NUMBER
ISBN 9780073195834 (instructor's edition : alk. paper)
020 ## - INTERNATIONAL STANDARD BOOK NUMBER
ISBN 0073290947 (set)
020 ## - INTERNATIONAL STANDARD BOOK NUMBER
ISBN 9780073290942 (set)
020 ## - INTERNATIONAL STANDARD BOOK NUMBER
ISBN 9780071265249
020 ## - INTERNATIONAL STANDARD BOOK NUMBER
ISBN 0071265244
022 ## - INTERNATIONAL STANDARD SERIAL NUMBER
ISSN 9780073041919
050 ## - CALL NUMBER
Classification number TS155.S7824
100 1# - AUTHOR
Personal name Stevenson, William J.
245 10 - TITLE
Title Operations management
Statement of responsibility, etc William J. Stevenson.
250 ## - EDITION
Edition statement 9th ed.
260 ## - PUBLICATION INFORMATION
Place of publication Boston
Name of publisher McMcGraw-Hill
Year of publication 2007.
300 ## - DESCRIPTION
Number of Pages xiv, 903 p.
Other physical details ill. (some col.)
Dimensions 28 cm.
Accompanying material 1 CD-ROM (4 3/4 in.)
440 #0 - SERIES
SERIES The McGraw-Hill/Irwin series operations and decision sciences.
500 ## - NOTES
General note Includes index.
505 ## - FORMATTED CONTENTS NOTE
Table of Content 1. Introduction to Operations Management 2<br/>2. Competitiveness, Strategy, and Productivity <br/>3. Forecasting <br/>4. Product and Service Design <br/>5. Strategic Capacity Planning for Products and Services <br/>6. Process Selection and Facilities <br/>7. Design of Work Systems <br/>8. Location Planning and Analysis <br/>9. Management of Quality <br/>10. Quality Control <br/>11. Supply Chain Management <br/>12. Inventory Management <br/>13. Aggregate Planning <br/>14. MRP and ERP <br/>15. JIT and Lean Operations <br/>16. Scheduling <br/>17. Project Management <br/>18. Management of Waiting Lines
650 #0 - SUBJECTS
Topical Term Production management.
942 ## - ADDED ENTRY ELEMENTS (KOHA)
Koha item type Books
Holdings
Withdrawn status Lost status Collection code Home library Current library Shelving location Date acquired Full call number Accession Number Koha item type
    Non-fiction Methodist University Library Main Methodist University Library Main General Stacks 24/05/2010 TS155.S7824 31364 Books
    Non-fiction Methodist University Library Main Methodist University Library Main General Stacks 24/05/2010 TS155.S7824 31365 Books
Copyright © 2026  MUG Library